00493nam a2200181Ia 4500003000400000005001700004008004100021020001500062040000700077041000800084082001900092100004400111245005800155260004700213300001600260365001300276650002200289OSt20230317095624.0210423s2006 xx 000 0 und d a8177682968 cAL aeng a547 223bMILB aMILLER (Bernard);PRASAD (K J Rajendra). aAdvanced organic chemistry: reactions and mechanisms. aNew DelhibPearson Education Pvt Ltdc2006 axiv,426bPB b275cINR aOrganic Chemistry